00285nam a2200121Ia 4500008004100000100001700041245003800058260002300096300000800119650001200127942000700139999001700146190216s9999||||xx |||||||||||||| ||und|| aRaghavan V N 0aMaterials Science And Engineering bPhi Learningc2010 a437 aPhysics cBK c34338d34338